Internet English : www-based communication activities : Teacher's book /
Computers today. Surfing the Web. Electronic Mail. Famous people. Web cards. Study abroad. Eating out. Shopping spree. Watching movies. Vacation abroad. Cyber C@fes. Working abroad. News online.
Сохранить в:
| Главный автор: | |
|---|---|
| Другие авторы: | |
| Формат: | |
| Язык: | English |
| Опубликовано: |
Oxford :
Oxford University Press,
2000.
|
| Предметы: | |
| Метки: |
Добавить метку
Нет меток, Требуется 1-ая метка записи!
|
| Thư viện lưu trữ: | Mạng thư viện Đại học Đà Nẵng |
|---|
| LEADER | 01509cam a2200421 i 4500 | ||
|---|---|---|---|
| 001 | 000047694 | ||
| 003 | 7385 | ||
| 005 | 20041028142447.0 | ||
| 008 | 010326b2000 vm 000 eng | ||
| 020 | |a 0194372278 | ||
| 040 | |a IRC |c IRC |d IRC | ||
| 041 | 0 | |a eng | |
| 082 | 1 | 4 | |a 428.00285 |b GI-C |
| 100 | 1 | |a Gitsaki, Christina. | |
| 245 | 1 | 0 | |a Internet English : |b www-based communication activities : Teacher's book / |c Christina Gitsaki, Richard P. Taylor. |
| 260 | |a Oxford : |b Oxford University Press, |c 2000. | ||
| 300 | |a viii, 104 p. ; |c 28 cm. | ||
| 520 | 3 | |a Computers today. Surfing the Web. Electronic Mail. Famous people. Web cards. Study abroad. Eating out. Shopping spree. Watching movies. Vacation abroad. Cyber C@fes. Working abroad. News online. | |
| 630 | 0 | 4 | |a English language. |
| 630 | 0 | 4 | |a Internet. |
| 630 | 0 | 4 | |a International communication. |
| 630 | 0 | 4 | |a Computer network. |
| 650 | 0 | 4 | |a English language |x Textbooks for foreign speakers. |
| 650 | 0 | 4 | |a Internet (Computer network) |x Problems, exercises, etc. |
| 650 | 0 | 4 | |a World Wide Web |x Problems, exercises, etc. |
| 650 | 0 | 4 | |a Communication, International |x Problems, exercises, etc. |
| 650 | 0 | 4 | |a English language |x Study and teaching |x Foreign speakers. |
| 700 | 1 | |a Taylor, Richard P. | |
| OWN | |a DUT | ||
| 999 | |a From the UDN01 | ||
| TYP | |a Monograph | ||
| TYP | |a Printed language | ||
| 980 | |a Mạng thư viện Đại học Đà Nẵng | ||


